000 01805nam a2200241Ia 4500
008 260220t1990||||xx |||||||||||||| ||spa||
040 _aPY-SlUNAC
_bspa
_erda
041 _aspa
082 _a658.4
_bR33a
100 _aReyes Ponc, Agustín
_eAutor
245 0 _aAdministración de empresas :
_bteoría y práctica /
_cpor Agustín Reyes Ponc [Autor]
264 _aCiudad de México :
_bLimusa,
_c℗1990.
300 _a1 volumen
520 _aEl libro "Administración de empresas: teoría y práctica" de Agustín Reyes Ponc ofrece un análisis integral sobre los fundamentos y las aplicaciones de la administración en el contexto empresarial. A lo largo del texto, el autor explora diversas teorías administrativas, enfatizando la importancia de la planificación, la organización, la dirección y el control como funciones esenciales en la gestión de organizaciones. Reyes Ponc también aborda temas contemporáneos como el liderazgo, la motivación del personal y la toma de decisiones, proporcionando ejemplos prácticos que ilustran la aplicación de conceptos teóricos en situaciones reales. Además, se discuten las implicaciones de la globalización y la tecnología en la administración moderna, destacando la necesidad de adaptabilidad y innovación en un entorno competitivo. El enfoque práctico del libro lo convierte en una herramienta valiosa tanto para estudiantes de administración como para profesionales en el campo, al ofrecer estrategias y metodologías que facilitan la mejora del desempeño organizacional.
653 _aAdministración de empresas
653 _aPráctica
653 _aTeoría
942 _b2026/02/17
_cBK
999 _c8775
_d8775